Sports Quiz

Random Sports Quiz

Washington Redskins Ring of Fame Quiz Stats

 Plays Quiz not verified by Sporcle

Score 0/46 Timer 10:00
0 Plays Today
% Correct
John Riggins
97.5%
Art Monk
96.7%
Joe Gibbs
95.9%
Mark Rypien
94.4%
Darrell Green
94.3%
Joe Theismann
91.8%
Doug Williams
90.2%
Sammy Baugh
89.3%
Sean Taylor
88.5%
George Allen
87.7%
Sonny Jurgensen
86.1%
Charley Taylor
86.1%
Russ Grimm
75.4%
Gary Clark
69.7%
Dexter Manley
68%
Billy Kilmer
65.6%
Vince Lombardi
65.6%
Joe Jacoby
64.8%
Larry Brown
63.9%
Jack Kent Cooke
63.9%
Mark Moseley
63.1%
Charles Mann
62.3%
George Preston Marshall
55.7%
% Correct
Jerry Smith
55.7%
Bobby Mitchell
54.1%
Brian Mitchell
53.3%
Sam Huff
50.8%
Richie Petitbon
50%
Dave Butz
46.7%
Chris Hanburger
41.8%
Ken Houston
41.8%
Pat Fischer
27%
Ken Harvey
27%
Lamar 'Bubba' Tyer
23%
Cliff Battles
21.3%
Len Hauss
21.3%
Eddie LeBaron
17.2%
Brig Owens
17.2%
Wayne Millner
10.7%
Dick James
9.8%
Vince Promuto
9.8%
Bill Dudley
9%
Gene Brito
8.2%
Phil Hochberg
5.7%
Charlie Justice
5.7%
Wayne Curry
4.9%

You're not logged in!

Compare scores with friends on all Sporcle quizzes.
OR
Log In

You Might Also Like...

Show Comments

Extras

Top Quizzes Today


Score Distribution

Your Account Isn't Verified!

In order to create a playlist on Sporcle, you need to verify the email address you used during registration. Go to your Sporcle Settings to finish the process.

Report this User

Report this user for behavior that violates our Community Guidelines.

Details: